Sanjay Srihari

Georgia Tech A


Categories

History - Other History03013088121.3312
Religion031325124132.3302
Science - Physics0200208898.0002
Literature - British Literature020220134139.5001
Other0200207483.0012
History - World History0210156296.5011
Mythology0210156483.5012
History - American History0101104242.0011
Philosophy0100104545.0011
Science - Other Science010010112112.0000
Science - Biology0010-50.0000

Buzzes

History - American History19881042
PhilosophyBertrand Russell1045
Religioncharging interest-555
History - World HistoryBengal1062
Mythologyfive1064
Science - Biologycolor-572
OtherPoland1074
History - World History1980s-587
Science - Biologyhypertension1087
Science - Physicstime dilation1088